| 000 | 00609nam a2200217Ia 4500 | ||
|---|---|---|---|
| 005 | 20250923145711.0 | ||
| 008 | 008 250917s9999 xx 000 0 eng d | ||
| 037 | _aReference | ||
| 040 |
_aDSWL _beng _cDSWL |
||
| 041 |
_aeng _2eng |
||
| 084 |
_azGx, N80.6 _qDSWL |
||
| 100 |
_aDesai, M.H. _9838103 |
||
| 245 | 0 |
_aDay-to-Day with Gandhi ( Feb.1925 to May1925 ) _c by M.H.Desai |
|
| 260 |
_aVaranasi _bSatva Seva Sangh Prak. _c1970 |
||
| 300 | _a383 p. | ||
| 365 |
_aINR _b127.72 |
||
| 490 | _vVol. VI | ||
| 925 | _g127.72 | ||
| 942 |
_cREF _hzGx, N80.6 |
||
| 999 |
_c1454532 _d1454532 |
||